Kto jest autorem? - Statystyki

Ogólne statystyki
  • Ten quiz został rozwiązany 41 razy
  • Średni wynik to 5 z 9
Statystyki odpowiedzi
Tytuł Autor % Poprawnych
"Pan Tadeusz" Adam Mickiewicz
97%
"Quo Vadis" Henryk Sienkiewicz
89%
"Kordian" Juliusz Słowacki
76%
"Władca Pierścieni" J.R.R. Tolkien
70%
"Mały Książę" Antoine de Saint-Exupéry
51%
"Rok 1984" George Orwell
51%
"Opowieści z Narni" C.S. Lewis
41%
"Fantastyczne zwierzęta i jak je znaleźć" J.K. Rowling
38%
"Kod Leonarda da Vinci" Dan Brown
30%
Nie znaleziono quizów pasujących do podanych kryteriów
Rozkład punktacji
Procent ludzi z każdym wynikiem
Percentyl według liczby udzielonych odpowiedzi
Twoja historia wyników
Nie rozwiązałeś tego quizu